000 00700nam a22002057a 4500
999 _c157174
_d157174
005 20181103181326.0
010 _aB-106151,B-106160
020 _a8120322797
_c395.00
035 _aB-106151,B-106160
037 _bDPL
082 _a005.43
100 _aCornell,Paul
245 _aAccessing And Analyzing Data With Microsoft Excel/(With Cd-Rom))
_cby Paul Cornell
260 _aNew Delhi
_bAshok Ghosh, Prentice-Hall of India private Limited,
_c2003
270 _aM-97, Connaught Circus,
_bNew Delhi
_e110001
300 _axxi,378p.
_bill.
_c24cm (Hb)
500 _aIndex, and About the Author
942 _2ddc
_cEN
_e2003
_h005.43
_mCOR